<?xml version="1.0" encoding="UTF-8"?>
<record
    xmlns:xsi="http://www.w3.org/2001/XMLSchema-instance"
    xsi:schemaLocation="http://www.loc.gov/MARC21/slim http://www.loc.gov/standards/marcxml/schema/MARC21slim.xsd"
    xmlns="http://www.loc.gov/MARC21/slim">

  <leader>00352nam a2200121Ia 4500</leader>
  <controlfield tag="008">191201s2016    xx            000 0 und d</controlfield>
  <datafield tag="100" ind1=" " ind2=" ">
    <subfield code="a">HELFAND, Lewis </subfield>
  </datafield>
  <datafield tag="245" ind1=" " ind2="0">
    <subfield code="a">They Changed the World: Crick &amp; Watson - The Discovery of DNA </subfield>
  </datafield>
  <datafield tag="260" ind1=" " ind2=" ">
    <subfield code="b">KALYANI NAVYOG MEDIA PVT LTD</subfield>
    <subfield code="c">2016</subfield>
    <subfield code="a">New Delhi</subfield>
  </datafield>
  <datafield tag="300" ind1=" " ind2=" ">
    <subfield code="a">88</subfield>
  </datafield>
  <datafield tag="650" ind1=" " ind2=" ">
    <subfield code="a">General Books</subfield>
  </datafield>
  <datafield tag="942" ind1=" " ind2=" ">
    <subfield code="2">ddc</subfield>
    <subfield code="c">BK</subfield>
  </datafield>
  <datafield tag="999" ind1=" " ind2=" ">
    <subfield code="c">6787</subfield>
    <subfield code="d">6787</subfield>
  </datafield>
  <datafield tag="952" ind1=" " ind2=" ">
    <subfield code="0">0</subfield>
    <subfield code="1">0</subfield>
    <subfield code="2">ddc</subfield>
    <subfield code="4">0</subfield>
    <subfield code="7">0</subfield>
    <subfield code="8">GENERAL</subfield>
    <subfield code="a">PIET</subfield>
    <subfield code="b">PIET</subfield>
    <subfield code="d">2020-07-21</subfield>
    <subfield code="e">Kalyani Nav yug Media Pvt Ltd.</subfield>
    <subfield code="g">350.00</subfield>
    <subfield code="k">271</subfield>
    <subfield code="l">1</subfield>
    <subfield code="o">572.86 HET</subfield>
    <subfield code="p">30328</subfield>
    <subfield code="r">2022-10-29 00:00:00</subfield>
    <subfield code="s">2022-09-29</subfield>
    <subfield code="v">192.50</subfield>
    <subfield code="w">2018-08-31</subfield>
    <subfield code="y">BK</subfield>
    <subfield code="z">Stories and Novels</subfield>
  </datafield>
</record>
